MARC

LEADER 00000nas a2200000 a 4500
001 ssj0004940
003 WaSeSS
005 20200512172242.0
006 m d
007 cr n
008 990618c19969999mauqr pss 0 a0eng c
010 |a  2004233095 
016 7 |a 2006431-7  |2 DE-600 
016 7 |a 012433151  |2 Uk 
022 |a 1573-7322  |l 1382-4147  |y 1382-4147 
035 |a (WaSeSS)ssj0004940 
040 |a F#A  |b eng  |c F#A  |d OCLCQ  |d MUQ  |d OCLCQ  |d GUA  |d OCLCQ  |d CIT  |d GUA  |d HUL  |d MYG  |d OCLCQ  |d OCLCF  |d OCLCQ  |d APUMS  |d EZC  |d OCLCO  |d U3W  |d AU@  |d OCLCO  |d WYU  |d OCLCO  |d UKMGB  |d OCLCA  |d VT2  |d OCLCO  |d NJT  |d OCLCO  |d SFB  |d OCLCA  |d OCLCQ  |d WaSeSS 
042 |a pcc 
050 1 4 |a RC685.C53 
060 0 0 |a W1  |b HE645M 
082 0 4 |a 616.129 
130 0 |a Heart failure reviews (Online) 
210 1 |a Heart fail. rev.  |b (Dordr., Online) 
222 0 |a Heart failure reviews  |b (Dordrecht. Online) 
245 1 0 |a Heart failure reviews  |h [electronic resource]. 
260 |a [Norwell, Ma] :  |b Kluwer Academic Publishers 
310 |a Quarterly 
362 1 |a Print began with v. 1, no. 1 (Mar. 1996). 
506 |a License restrictions may limit access. 
538 |a Mode of access: World Wide Web. 
588 |a Description based on: Vol. 2, issue 1 (1997); title from contents screen (publisher's Web site, viewed Feb. 17, 2004). 
588 |a Latest issue consulted: Vol. 9, issue 1 (Jan. 2004), viewed Feb. 17, 2004. 
650 0 |a Heart failure  |v Periodicals. 
650 0 |a Heart  |x Hypertrophy  |v Periodicals. 
650 6 |a Insuffisance cardiaque  |v Périodiques. 
650 6 |a Cœur  |x Hypertrophie  |v Périodiques. 
650 7 |a Heart failure.  |2 fast  |0 (OCoLC)fst00953724 
650 7 |a Heart  |x Hypertrophy.  |2 fast  |0 (OCoLC)fst00953599 
650 2 |a Heart Failure. 
655 0 |a Electronic journals. 
776 1 |t Heart failure reviews  |x 1382-4147  |w (DLC)sn 96039667  |w (OCoLC)35601086 
856 4 0 |z Full text available from Research Library: 07/01/1999 to 1 year ago  |u https://search.proquest.com/publication/44243